Представление документа в формате RUSMARC

ПолеНазваниеЗначение
  Тип записи a
  Библиографический уровень a
001 Контрольный номер RU/УОНБ/EK_KRAY/320902562
005 Дата корректировки 20240131015224.3
100 Данные общей обработки __
a Данные общей обработки 20040122d2004 u u0rusy0103 ba
101 Язык документа 0_
a Язык текста rus
200 Заглавие и сведения об ответственности 1_
a Заглавие Дело о пожарах, бывших в Симбирске в 1864 г.
f Первые сведения об ответственности А. И. Стеценко
210 Выходные данные 1_
d Дата издания 2004
330 Аннотация __
a Аннотация Симбирский пожар 1864 г.
463 Уровень физической единицы _0
1 2001
a Материалы первой научной конференции, посвященной ученому и краеведу С.Л. Сытину
e Ульяновск 2 октября 2003 года
f Гос. ист.-мемор. заповедник "Родина В.И. Ленина"
v С. 143-151.
1 210
a Ульяновск
d 2004
607 Географические рубрики 0_
a Географическое наименование Симбирск, город
610 Ключевые слова 0_
a Ключевые слова пожар 1864 г.
610 Ключевые слова 0_
a Ключевые слова поджигатели
610 Ключевые слова 0_
a Ключевые слова следствие о пожарах
686 Индексы других классификаций __
a Классификационный индекс 63.35
2 Код системы rubbk
700 Автор _1
a Фамилия Стеценко
b Имя (инициалы) А. И.
801 Источник записи _0
a Страна RU
b Организация Ульяновская ОНБ
c Дата составления 20040122
g Правила каталогизации PSBO
801 Источник записи _1
a Страна RU
b Организация Ульяновская ОНБ
c Дата составления 20040122
901 Тип документа __
t Тип документа a
909 Создатель записи __
a Создатель записи
938 Служебная информация __
a Имя БД kraeved_work
b Имя библиотеки УОНБ
c Имя АИБС МАРК-SQL
d Номер DOC_ID в БД 46469